| 000 | 00702cab a22001815a 4500 | ||
|---|---|---|---|
| 001 | L144988 | ||
| 008 | 080828e20080823xxka f g 000 0 eng d | ||
| 035 | _a(Sirsi) u144988 | ||
| 041 | 0 | _aeng | |
| 100 | 1 | _aBurgess, Simon | |
| 245 | 0 | 2 | _aA more reliable 'friend' |
| 260 | _c2008 | ||
| 490 |
_aEstates Gazette _v(0833) 23 August 2008, 72-73(2) |
||
| 520 | _aThis first of a two part Mainly for Students article looks at the historical background of trusts and explores the benefits and structures of typical trusts. See also 'Take the long term view' (L145127). | ||
| 651 | 4 |
_aEngland and Wales _y1543- |
|
| 690 | _aPROPERTY-PROPERTY FINANCE & INVESTMENT-REAL ESTATE INVESTMENT TRUSTS | ||
| 942 | _n0 | ||
| 999 |
_c80676 _d80676 |
||